<?xml version="1.0" encoding="UTF-8"?>
<record
    xmlns:xsi="http://www.w3.org/2001/XMLSchema-instance"
    xsi:schemaLocation="http://www.loc.gov/MARC21/slim http://www.loc.gov/standards/marcxml/schema/MARC21slim.xsd"
    xmlns="http://www.loc.gov/MARC21/slim">

  <leader>01014nam a2200241 i 4500</leader>
  <controlfield tag="001">96898</controlfield>
  <controlfield tag="003">ES-MaACL</controlfield>
  <controlfield tag="005">20250316204109.0</controlfield>
  <controlfield tag="007">t|</controlfield>
  <controlfield tag="008">050704m19451946cl           |||| |dspa d</controlfield>
  <datafield tag="100" ind1="0" ind2=" ">
    <subfield code="a">Mann, Thomas,</subfield>
    <subfield code="d">1875-1955</subfield>
    <subfield code="9">76055</subfield>
  </datafield>
  <datafield tag="245" ind1="1" ind2="0">
    <subfield code="a">Jos&#xE9; y sus hermanos / </subfield>
    <subfield code="c">Thomas Mann.</subfield>
  </datafield>
  <datafield tag="260" ind1=" " ind2=" ">
    <subfield code="a">Santiago de Chile : </subfield>
    <subfield code="b">Ercilla, </subfield>
    <subfield code="c">1945-1946.</subfield>
  </datafield>
  <datafield tag="300" ind1=" " ind2=" ">
    <subfield code="a">4 v. ; </subfield>
    <subfield code="c">22 cm.</subfield>
  </datafield>
  <datafield tag="490" ind1="1" ind2=" ">
    <subfield code="a">C&#xF3;ndor</subfield>
  </datafield>
  <datafield tag="505" ind1="8" ind2=" ">
    <subfield code="a">Contiene: 1 ; </subfield>
    <subfield code="t">Las historias de Jacob / </subfield>
    <subfield code="r">traducci&#xF3;n al espa&#xF1;ol por Jos&#xE9; Mar&#xED;a Souvir&#xF3;n, 4&#xAA; ed. (325 p.) - 2. -- </subfield>
    <subfield code="t">El joven Jos&#xE9; / </subfield>
    <subfield code="r">trad... Jos&#xE9; Mar&#xED;a Souvir&#xF3;n, 3&#xAA; ed. (241 p.) - 3. -- </subfield>
    <subfield code="t">Jos&#xE9; en Egipto / </subfield>
    <subfield code="r">trad... Hern&#xE1;n del Solar, 2&#xAA; ed. (511 p.) - 4. -- </subfield>
    <subfield code="t">Jos&#xE9; el proveedor / </subfield>
    <subfield code="r">trad... Lenka Franulic (459 p.)</subfield>
  </datafield>
  <datafield tag="700" ind1="1" ind2=" ">
    <subfield code="a">Souvir&#xF3;n, Jos&#xE9; Mar&#xED;a</subfield>
    <subfield code="d">1904-1973</subfield>
    <subfield code="9">107605</subfield>
  </datafield>
  <datafield tag="700" ind1="1" ind2=" ">
    <subfield code="a">Solar, Hern&#xE1;n del.</subfield>
    <subfield code="9">107097</subfield>
  </datafield>
  <datafield tag="700" ind1="1" ind2=" ">
    <subfield code="a">Franulic, Lenka.</subfield>
    <subfield code="9">52355</subfield>
  </datafield>
  <datafield tag="830" ind1="0" ind2=" ">
    <subfield code="a">C&#xF3;ndor</subfield>
    <subfield code="9">232271</subfield>
  </datafield>
  <datafield tag="852" ind1=" " ind2=" ">
    <subfield code="a">ES-MaACL</subfield>
    <subfield code="j">D-5322-25</subfield>
  </datafield>
  <datafield tag="999" ind1=" " ind2=" ">
    <subfield code="c">96898</subfield>
    <subfield code="d">96898</subfield>
  </datafield>
  <datafield tag="952" ind1=" " ind2=" ">
    <subfield code="0">0</subfield>
    <subfield code="1">0</subfield>
    <subfield code="4">0</subfield>
    <subfield code="7">0</subfield>
    <subfield code="a">ATENEOM</subfield>
    <subfield code="b">ATENEOM</subfield>
    <subfield code="c">SVI</subfield>
    <subfield code="d">2008-01-17</subfield>
    <subfield code="e">SC</subfield>
    <subfield code="l">0</subfield>
    <subfield code="o">D-5322-25</subfield>
    <subfield code="p">901101160</subfield>
    <subfield code="r">2023-02-23 00:00:00</subfield>
    <subfield code="w">2023-02-23</subfield>
    <subfield code="y">MONOGRAFIA</subfield>
  </datafield>
</record>
